• 首页
  • 本馆介绍
  • 公告通知
  • 最新文献
  • 馆藏检索
  • 电子资源
  • 读者导购
  • 参考咨询
  • 我的图书馆
  • 登录
  • 详细信息显示
  • 放入我的书架
  • 预约/预借图书
  • 作者相关作品
  • 分类相关作品
  • 丛书相关作品
  • 出版社相关作品

书目信息

  • 表格格式
  • 工作单格式
  • 卡片格式
题名:
新古典主义时代
    
 
作者: 张素琪 著
分册:   大卫 安格尔
出版信息: 广州   暨南大学出版社  2002
页数: 125页
开本: 21cm
丛书名: 大师·美术
单 册:
中图分类: J110.99
科图分类:
主题词: 艺术--流派 , 艺术--流派--研究
电子资源:
ISBN: 7-81079-167-2
000 00851oam2 2200265 45
001 020000029141
005 20050926172920.65
010    @a7-81079-167-2@dCNY28.00
100    @a20050114d2002 ekmy0chiy0120 ea
101 0  @achi
102    @aCN@b440000
105    @aa z 000yy
200 1  @a新古典主义时代@9xin gu dian zhu yi shi dai@i大卫 安格尔@f张素琪著@Fzhang su qi zhu
210    @a广州@c暨南大学出版社@d2002
215    @a125页@c图@d21cm
225 2  @a大师·美术@f张坚主编
330    @a本书主要包括:官方与权威的代言人,一丝不苟地描绘古代风尚,现实的呼唤和需要,继承与论争等内容。
461  0 @12001 @a大师·美术
517 1  @a大卫 安格尔@9da wei an ge er
606 0  @a艺术@x流派
606 0  @a艺术@x流派@x研究
690    @aJ110.99@v4
701  0 @a张素琪@Azhang su qi@4著
801  0 @aCN@bTSSF@c20050926
905    @a10447@dJ110.99@e59
    
    新古典主义时代.大卫 安格尔/张素琪著.-广州:暨南大学出版社,2002
    125页:图;21cm.-(大师·美术/张坚主编)
    
    
    ISBN 7-81079-167-2:CNY28.00
    本书主要包括:官方与权威的代言人,一丝不苟地描绘古代风尚,现实的呼唤和需要,继承与论争等内容。
●
相关链接 在E读中查询图书 在五车中查询图书 在当当中查询图书 在豆瓣中查询图书


正题名:新古典主义时代     索取号:J110.99/59         预约/预借

序号 登录号 条形码 馆藏地/架位号 状态 备注
1 0363270   3632705   第一样本阅览室/ [索取号:J110.99/59] 在馆    
2 0363271   3632714   第一借阅区/ [索取号:J110.99/59] 在馆    
3 0363272   3632723   第一借阅区/ [索取号:J110.99/59] 在馆    
4 0363273   3632732   第一借阅区/ [索取号:J110.99/59] 在馆    
5 0363274   3632741   第一借阅区/ [索取号:J110.99/59] 在馆    
唐山师范学院图书馆 欢迎您!
大连网信软件有限公司© 版权所有